| 000 | 00966nam a22002175i 4500 | ||
|---|---|---|---|
| 001 | 156399 | ||
| 003 | ES-MaACL | ||
| 005 | 20250807234524.0 | ||
| 008 | 981207s1879 fr af |||| | fre d | ||
| 040 |
_aCCPB | B _bspa _cCCPB | B |
||
| 080 | _a903 | ||
| 100 | 1 |
_aJoly, Nicolas, _d1812-1885 _9128339 |
|
| 245 | 1 | 2 |
_aL'homme avant les métaux / _cpar N. Joly. |
| 260 |
_aParis : _bLibrairie Germer Baillière et C., _c1879. |
||
| 300 |
_aVIII, 328 p., il., [1] h. de lám. ; _c20 cm. |
||
| 490 | 1 |
_aBibliothèque scientifique internationale ; _v30 |
|
| 650 | 0 | 7 |
_aHombre prehistórico _2embne _913455 |
| 830 | 0 |
_aBibliothèque scientifique internationale ; _v30 _9186949 |
|
| 852 |
_aES-MaACL _jF-14360 _z-- Enc. ed. en tela con hierros dorados _z-- Enc. al final : Catalogue de livres de fonds : ouvrages historiques et philosophiques .-- Paris : Librairie Germer Baillière et C., 1879 (Imprimerie E. Martinet) .-- 32 p. |
||
| 999 |
_c156399 _d156399 |
||